| 000 | 00608nam a2200229Ia 4500 | ||
|---|---|---|---|
| 003 | BUBTL | ||
| 008 | 151213s9999 xx 000 0 und d | ||
| 020 | _a81-7002-012-3 | ||
| 082 | _a346/ALM | ||
| 100 |
_a Ali, Syed Ameer _94174 |
||
| 245 |
_aMohammedan Law (vol-i) _cSyed Ameer Ali |
||
| 250 | _a4th | ||
| 260 |
_aNew Delhi _bHimalay Books _cc1984 |
||
| 300 |
_a[xxxii] , 818p . : _c22 cm . |
||
| 500 | _aIncludes Index. | ||
| 650 | _aLaw | ||
| 650 |
_aLaw _94175 |
||
| 700 |
_aSyed Ameer Ali _94176 |
||
| 856 |
_k0 _l0 _yDownload |
||
| 942 |
_2ddc _cBK |
||
| 999 |
_c2436 _d2436 |
||